Handbook of research on entrepreneurship policy / (Record no. 50138)

MARC details
000 -LEADER
fixed length control field 01235nam a2200301 a 4500
001 - CONTROL NUMBER
control field vtls003202494
003 - CONTROL NUMBER IDENTIFIER
control field MY-SjTCS
005 - DATE AND TIME OF LATEST TRANSACTION
control field 20200306164503.0
008 - FIXED-LENGTH DATA ELEMENTS--GENERAL INFORMATION
fixed length control field 110218s2007 enka 001 0 eng d
020 ## - INTERNATIONAL STANDARD BOOK NUMBER
International Standard Book Number 1848445679 (pbk.)
020 ## - INTERNATIONAL STANDARD BOOK NUMBER
International Standard Book Number 9781848445673 (pbk.)
020 ## - INTERNATIONAL STANDARD BOOK NUMBER
International Standard Book Number 9781845424091 (hbk.)
020 ## - INTERNATIONAL STANDARD BOOK NUMBER
International Standard Book Number 1845424093 (hbk.)
039 #9 - LEVEL OF BIBLIOGRAPHIC CONTROL AND CODING DETAIL [OBSOLETE]
Level of rules in bibliographic description 201305161130
Level of effort used to assign nonsubject heading access points VLOAD
Level of effort used to assign subject headings 201102181731
Level of effort used to assign classification VLOAD
Level of effort used to assign subject headings 201102181554
Level of effort used to assign classification VLOAD
Level of effort used to assign subject headings 201010071159
Level of effort used to assign classification pushpa
-- 201007121758
-- malathy
082 04 - DEWEY DECIMAL CLASSIFICATION NUMBER
Classification number 338.04
Item number HAN 2007
245 00 - TITLE STATEMENT
Title Handbook of research on entrepreneurship policy /
Statement of responsibility, etc. edited by David B. Audretsch, Isabel Grilo, A. Roy Thurik.
260 ## - PUBLICATION, DISTRIBUTION, ETC.
Place of publication, distribution, etc. Cheltenham, UK :
Name of publisher, distributor, etc. Edward Elgar,
Date of publication, distribution, etc. c2007.
300 ## - PHYSICAL DESCRIPTION
Extent vii, 241 p. :
Other physical details ill ;
Dimensions 25 cm.
500 ## - GENERAL NOTE
General note "Published in association with the Max Planck Institute of Economics and EIM Business & Policy Research."
504 ## - BIBLIOGRAPHY, ETC. NOTE
Bibliography, etc. note Includes bibliographical references and index.
650 #0 - SUBJECT ADDED ENTRY--TOPICAL TERM
Topical term or geographic name entry element Entrepreneurship
General subdivision Government policy.
9 (RLIN) 252998
700 1# - ADDED ENTRY--PERSONAL NAME
Personal name Audretsch, David B.
9 (RLIN) 27742
700 1# - ADDED ENTRY--PERSONAL NAME
Personal name Grilo, Isabel.
9 (RLIN) 252999
700 1# - ADDED ENTRY--PERSONAL NAME
Personal name Thurik, A. R.
Fuller form of name (A. Roy)
9 (RLIN) 253000
710 2# - ADDED ENTRY--CORPORATE NAME
Corporate name or jurisdiction name as entry element Max Planck Institute of Economics.
9 (RLIN) 253001
710 2# - ADDED ENTRY--CORPORATE NAME
Corporate name or jurisdiction name as entry element EIM Business & Policy Research (Firm)
9 (RLIN) 253002
920 ## - Programme
Programme SHT : 147431
Holdings
Withdrawn status Lost status Source of classification or shelving scheme Damaged status Not for loan Home library Current library Date acquired Cost, normal purchase price Total Checkouts Barcode Date last seen Date last checked out Copy number Uniform Resource Identifier Cost, replacement price Koha item type Public note
    Dewey Decimal Classification     Taylor's Library-TU Taylor's Library-TU 03/09/2010 149.91 2 5000023454 05/12/2019 18/05/2012 1 Floor 3, Shelf 6 , Side 2, TierNo 2, BayNo 1 149.91 Main Collection SHTEx,70002,02,GR